The ten sermons / (Record no. 6580)

MARC details
000 -LEADER
fixed length control field 00428nam a22001697a 4500
003 - CONTROL NUMBER IDENTIFIER
control field GBCCL
005 - DATE AND TIME OF LATEST TRANSACTION
control field 20241126110606.0
008 - FIXED-LENGTH DATA ELEMENTS--GENERAL INFORMATION
fixed length control field 180518b ||||| |||| 00| 0 eng d
040 ## - CATALOGING SOURCE
Transcribing agency gbc
082 ## - DEWEY DECIMAL CLASSIFICATION NUMBER
Classification number VER 252
Item number CHI
100 ## - MAIN ENTRY--PERSONAL NAME
Personal name Chinsuanthang, H.
9 (RLIN) 11781
245 ## - TITLE STATEMENT
Title The ten sermons /
Statement of responsibility, etc. H. Chinsuanthang
260 ## - PUBLICATION, DISTRIBUTION, ETC.
Place of publication, distribution, etc. New Lamka:
Name of publisher, distributor, etc. H. Siamtei,
Date of publication, distribution, etc. 1995
300 ## - PHYSICAL DESCRIPTION
Extent vol.,
Dimensions 18 cm.
650 ## - SUBJECT ADDED ENTRY--TOPICAL TERM
Topical term or geographic name entry element Sermons
9 (RLIN) 6067
942 ## - ADDED ENTRY ELEMENTS (KOHA)
Source of classification or shelving scheme Dewey Decimal Classification
Koha item type Books
Koha issues (borrowed), all copies 1
Holdings
Withdrawn status Lost status Source of classification or shelving scheme Damaged status Not for loan Collection Home library Current Library Shelving location Date acquired Total checkouts Full call number Barcode Date last seen Date last checked out Copy number Price effective from Koha item type
    Dewey Decimal Classification       GRACE BIBLE COLLEGE GRACE BIBLE COLLEGE Vernacular 2018-05-18 1 VER 252 CHI 004665 2025-05-01 2019-08-05 v.2 2018-05-18 Books
    Dewey Decimal Classification       GRACE BIBLE COLLEGE GRACE BIBLE COLLEGE Vernacular 2022-04-04 1 VER 252 CHI 005570 2025-05-01 2025-01-16 v.1 2022-04-04 Books
    Dewey Decimal Classification       GRACE BIBLE COLLEGE GRACE BIBLE COLLEGE Vernacular 2022-04-04   VER 252 CHI 005577 2025-05-01   v.1 c.2 2022-04-04 Books
    Dewey Decimal Classification       GRACE BIBLE COLLEGE GRACE BIBLE COLLEGE Vernacular 2022-04-19 1 VER 252 CHI 005876 2025-05-01 2024-12-06 v.1 c.3 2022-04-19 Books
© Grace Bible College Library 2025